000 00768cab a2200241 4500
001 WB2810-22
008 090401t1992 xxu||||| |||| 00| 0 eng d
035 _a(Sirsi) u49699
041 _aeng
245 _aBRE houses explore thermal insulation
260 _c1992
350 _a0
490 _aBRE News Release
_v19 February 1992 (2)
520 _aBRE is building four detached brick-clad houses with tiled pitched roofs to test insulation and heating qualities in order to assess future energy needs.
650 _aENERGY EFFICIENCY
650 _aHEATING SYSTEMS
650 _aRESEARCH AND DEVELOPMENT
650 _aTESTING
650 _aTHERMAL INSULATION
690 _aENVIRONMENTAL AND LAND CONSULTANCY-ENERGY
942 _n0
948 _c04/03/1997
999 _c31116
_d31116